| 000 | 00671nam a2200253Ia 4500 | ||
|---|---|---|---|
| 003 | OSt | ||
| 005 | 20220912152453.0 | ||
| 006 | a|||||r|||| 00| 0 | ||
| 007 | ta | ||
| 008 | 220909b |||||||| |||| 00| 0 eng d | ||
| 024 | _a45604 | ||
| 037 | _cTextual | ||
| 040 |
_aCSL _beng _cCSL |
||
| 041 | _aeng | ||
| 082 | _aE213:5:6, K5 | ||
| 100 | _aGilbert Everett E | ||
| 110 | _aInetrscience monographs on chemistry organic chemistry section | ||
| 245 | 0 | _aSulfonation and related reactions | |
| 260 | _c1965 | ||
| 300 |
_ap. _ccm. |
||
| 650 | _aPhysical chemistry | ||
| 942 |
_hE213:5:6, K5 _cTEXL _2CC |
||
| 999 |
_c86886 _d86886 |
||